000 007270000a22001810004500
041 0 _aSPA
082 0 4 _aG 253.53 B866a
100 1 _aBroger, John C.
245 1 0 _aAutoconfrontación : Manual para el discipulado a fondo (Mateo 7:1-5), Basado en el Antiguo y Nuevo Testamento como la única autoridad de fe y de conducta / John C. Broger ; David Elías Mendieta Jiménez, Traductor
260 _aRancho Mirage, CA., USA : Fundación de Consejería Bíblica
300 _a(pag. varía)
500 _aTítulo original : Self-confrontation: a manual for in-depth discipleship
001 6555
942 _cBK
999 _c36824
_d36824
336 _atexto
_btxt
_2rdacontent
337 _2rdamedia
_asin mediación
_bn
338 _2rdacarrier
_avolumen
_bnc